Planning delivery agreements (Record no. 106093)

MARC details
000 -LEADER
fixed length control field 01247cam a2200217 4500
001 - CONTROL NUMBER
control field ##L135539
008 - FIXED-LENGTH DATA ELEMENTS--GENERAL INFORMATION
fixed length control field 061106n 000 0 eng u
035 ## - SYSTEM CONTROL NUMBER
System control number (Sirsi) u135539
041 0# - LANGUAGE CODE
Language code of text/sound track or separate title eng
050 04 - LIBRARY OF CONGRESS CALL NUMBER
Classification number 711.4 $2 22
110 2# - MAIN ENTRY--CORPORATE NAME
Corporate name or jurisdiction name as entry element Planning Advisory Service
9 (RLIN) 5078
245 00 - TITLE STATEMENT
Title Planning delivery agreements
Remainder of title interim report
260 ## - PUBLICATION, DISTRIBUTION, ETC.
Place of publication, distribution, etc. London
Name of publisher, distributor, etc. PAS
Date of publication, distribution, etc. [2006?]
520 ## - SUMMARY, ETC.
Summary, etc. Report on the progress in a pilot project involving 23 local authorities working with developers to create Planning Delivery Agreements (PDAs). The pilot project, originating in the January 2006 DCLG and Advisory Team for Large Applications report on PDAs, is trialling the use of PDAs as a management tool to aid the efficient handling of major applications. PDAs are not guarantees of particular decisions but a mechanism focused on improving the process for dealing with the pre-application and application process.
590 ## - LOCAL NOTE (RLIN)
Local note IKA141106 NTK
651 #4 - SUBJECT ADDED ENTRY--GEOGRAPHIC NAME
Geographic name England
Chronological subdivision 886-
690 ## - LOCAL SUBJECT ADDED ENTRY--TOPICAL TERM (OCLC, RLIN)
Topical term or geographic name as entry element ENVIRONMENTAL AND LAND CONSULTANCY-PLANNING AND DEVELOPMENT-DEVELOPMENT CONTROL-PLANNING APPLICATIONS
710 2# - ADDED ENTRY--CORPORATE NAME
Corporate name or jurisdiction name as entry element Databuild
9 (RLIN) 5079
856 40 - ELECTRONIC LOCATION AND ACCESS
Uniform Resource Identifier <a href="https://www.pas.gov.uk/pas/core/page.do?pageId=11731">https://www.pas.gov.uk/pas/core/page.do?pageId=11731</a>
Public note View the interim report free of charge at www.pas.gov.uk...
942 ## - ADDED ENTRY ELEMENTS (KOHA)
Suppress in OPAC 0
Holdings
Withdrawn status Lost status Source of classification or shelving scheme Damaged status Not for loan Home library Current library Shelving location Date acquired Total Checkouts Full call number Barcode Date last seen Copy number Price effective from Koha item type
    Dewey Decimal Classification     Virtual Virtual Online 06/11/2006   ONLINE PUBLICATION 135539-2001 06/08/2019 1 06/08/2019 Book